Location, location, location (Record no. 71105)

MARC details
000 -LEADER
fixed length control field 01264cam a2200253 4500
001 - CONTROL NUMBER
control field ABS65882
008 - FIXED-LENGTH DATA ELEMENTS--GENERAL INFORMATION
fixed length control field 020906n2002 000 0 eng u
035 ## - SYSTEM CONTROL NUMBER
System control number (Sirsi) u119588
100 ## - MAIN ENTRY--PERSONAL NAME
Personal name Gibson, S.
245 ## - TITLE STATEMENT
Title Location, location, location
260 ## - PUBLICATION, DISTRIBUTION, ETC.
Date of publication, distribution, etc. 2002
490 ## - SERIES STATEMENT
Series statement Inside Housing
Volume/sequential designation 30 August 2002, 14-15(2)
520 ## - SUMMARY, ETC.
Summary, etc. Discusses the housing of ethnic minority communities focusing on research undertaken by the University of Birmingham's Centre for Urban and Regional Studies. As part of the work into the changing housing markets in the M62 corridor the places that faced race riots in the summer of 2001 were examined. With Asian communities often reluctant to live in social housing it was reported that young people from ethnic minority backgrounds were more willing to consider the option if it was provided in a multi-cultural area. Notes how in Oldham, the introduction of a choice-bases lettings scheme - Instant Homes has made a difference in proving the area is a safe place to live.
590 ## - LOCAL NOTE (RLIN)
Local note ABS
650 ## - SUBJECT ADDED ENTRY--TOPICAL TERM
Topical term or geographic name entry element ETHNIC MINORITIES
650 ## - SUBJECT ADDED ENTRY--TOPICAL TERM
Topical term or geographic name entry element LOCAL COMMUNITIES
650 ## - SUBJECT ADDED ENTRY--TOPICAL TERM
Topical term or geographic name entry element OLDHAM
650 ## - SUBJECT ADDED ENTRY--TOPICAL TERM
Topical term or geographic name entry element BURNLEY
650 ## - SUBJECT ADDED ENTRY--TOPICAL TERM
Topical term or geographic name entry element BRADFORD
650 ## - SUBJECT ADDED ENTRY--TOPICAL TERM
Topical term or geographic name entry element CIH
650 ## - SUBJECT ADDED ENTRY--TOPICAL TERM
Topical term or geographic name entry element MIXED COMMUNITIES
690 ## - LOCAL SUBJECT ADDED ENTRY--TOPICAL TERM (OCLC, RLIN)
Topical term or geographic name as entry element REGENERATION
942 ## - ADDED ENTRY ELEMENTS (KOHA)
Suppress in OPAC 0
Holdings
Withdrawn status Lost status Source of classification or shelving scheme Damaged status Not for loan Home library Current library Shelving location Date acquired Total Checkouts Full call number Barcode Date last seen Copy number Price effective from Koha item type
    Dewey Decimal Classification     London London Journal article 06/09/2002   ABS65882 119588-1001 06/08/2019 1 06/08/2019 Journal article